[Event "Fynsmesterskabet"]
[Site "Odense"]
[Date "2011.06.03"]
[Round "5"]
[White "Fries Nielsen, Jens Ove"]
[Black "Lafuente, Pablo"]
[Result "0-1"]
[WhiteElo "2386"]
[BlackElo "2555"]
[PlyCount "88"]
[EventDate "2011.06.01"]
[EventType "swiss"]
[EventRounds "9"]
[EventCountry "DEN"]
[SourceTitle "CBM 142 Extra"]
[Source "ChessBase"]
[SourceDate "2011.06.27"]

1. d4 d5 2. Bf4 c6 3. Nc3 Bf5 4. f3 e6 5. e4 Bg6 6. h4 h6 7. h5 Bh7 8. exd5
exd5 9. Bd3 Bxd3 10. Qxd3 Bd6 11. Bxd6 Qxd6 12. O-O-O Na6 13. Nge2 Nc7 14. Kb1
O-O-O 15. Nc1 Ne7 16. Nb3 Ne6 17. Na4 b6 18. Rhe1 Kb7 19. g4 Nc8 20. Re5 Qc7
21. Rde1 Nd6 22. Nd2 Nc4 23. Nxc4 dxc4 24. Qxc4 Rxd4 25. Qxd4 Nxd4 26. Re7 Rd8
27. Rxc7+ Kxc7 28. Re7+ Rd7 29. Re8 Nxf3 30. Nc3 f6 31. b3 Ne5 32. Ne4 Rd4 33.
Ng3 Rxg4 34. Nf5 Rg5 35. Nd4 Kd7 36. Ra8 a5 37. a4 Kd6 38. Rd8+ Nd7 39. Rc8 c5
40. Nb5+ Ke7 41. Rg8 Nf8 42. Na3 Kf7 43. Rh8 Re5 44. Nc4 Re6 0-1

[Event "Fynsmesterskabet"]
[Site "Odense"]
[Date "2011.06.03"]
[Round "5"]
[White "Grau, Peter"]
[Black "Johansen, Johnny Holler"]
[Result "0-1"]
[WhiteElo "2101"]
[BlackElo "1986"]
[PlyCount "78"]
[EventDate "2011.06.01"]
[EventType "swiss"]
[EventRounds "9"]
[EventCountry "DEN"]
[SourceTitle "CBM 142 Extra"]
[Source "ChessBase"]
[SourceDate "2011.06.27"]

1. e4 c5 2. Nf3 Nc6 3. d4 cxd4 4. Nxd4 g6 5. Be3 Bg7 6. Nc3 Nf6 7. Be2 d5 8.
Nxc6 bxc6 9. e5 Nd7 10. f4 O-O 11. Na4 e6 12. c4 f6 13. cxd5 cxd5 14. exf6 Nxf6
15. O-O Rf7 16. Rb1 Rb8 17. b4 Ne4 18. Bd4 Bxd4+ 19. Qxd4 Bd7 20. Nc5 Nxc5 21.
bxc5 Bc6 22. Qe5 Rxb1 23. Rxb1 Qf6 24. Qxf6 Rxf6 25. g3 Rf7 26. Bg4 Re7 27.
Rb8+ Kg7 28. Rd8 Rd7 29. Rc8 Bb7 30. Re8 Rc7 31. Rxe6 Bc8 32. Rd6 Bxg4 33. Rxd5
Kf7 34. a3 Ke7 35. Kf2 Rd7 36. Re5+ Kd8 37. Re1 Kc7 38. Rc1 Kc6 39. Ke3 Bf5 0-1

[Event "Fynsmesterskabet"]
[Site "Odense"]
[Date "2011.06.03"]
[Round "5"]
[White "Hansen, Lars Henrik Bech"]
[Black "Hansen, Ib Lynaes"]
[Result "1-0"]
[WhiteElo "1993"]
[BlackElo "1920"]
[PlyCount "43"]
[EventDate "2011.06.01"]
[EventType "swiss"]
[EventRounds "9"]
[EventCountry "DEN"]
[SourceTitle "CBM 142 Extra"]
[Source "ChessBase"]
[SourceDate "2011.06.27"]

1. e4 e5 2. Nf3 Nf6 3. Nxe5 d6 4. Nf3 Nxe4 5. Nc3 Nxc3 6. dxc3 Be7 7. Bd3 Bg4
8. Bf4 Nc6 9. Qe2 Qd7 10. O-O-O O-O-O 11. h3 Be6 12. Bg5 Bf6 13. Be4 Qe7 14.
Bxf6 Qxf6 15. Bxc6 bxc6 16. Qa6+ Kd7 17. Rhe1 Bd5 18. Rxd5 cxd5 19. Qb5+ Kc8
20. Nd4 c5 21. Qa6+ Kd7 22. Qb7# 1-0

[Event "Fynsmesterskabet"]
[Site "Odense"]
[Date "2011.06.03"]
[Round "5"]
[White "Hansen, Mads"]
[Black "Bromann, Thorbjorn"]
[Result "1/2-1/2"]
[WhiteElo "2225"]
[BlackElo "2405"]
[PlyCount "54"]
[EventDate "2011.06.01"]
[EventType "swiss"]
[EventRounds "9"]
[EventCountry "DEN"]
[SourceTitle "CBM 142 Extra"]
[Source "ChessBase"]
[SourceDate "2011.06.27"]

1. e4 e6 2. d4 d5 3. Nc3 dxe4 4. Nxe4 Nd7 5. Nf3 Ngf6 6. Nxf6+ Nxf6 7. Bd3 c5
8. dxc5 Bxc5 9. O-O O-O 10. Qe2 b6 11. Bg5 Bb7 12. Rad1 Qc7 13. Bxf6 gxf6 14.
Be4 Rfd8 15. h3 Rxd1 16. Rxd1 Bxe4 17. Qxe4 Rd8 18. Qg4+ Kf8 19. Re1 Rd5 20. c4
Rf5 21. Rd1 Rf4 22. Qh5 Rxc4 23. Qxh7 Rf4 24. b4 Rxb4 25. Nh4 Bd6 26. Qh8+ Ke7
27. Qh7 Ke8 1/2-1/2

[Event "Fynsmesterskabet"]
[Site "Odense"]
[Date "2011.06.03"]
[Round "5"]
[White "Kantans, Toms"]
[Black "Carlstedt, Jonathan"]
[Result "0-1"]
[WhiteElo "2306"]
[BlackElo "2308"]
[PlyCount "70"]
[EventDate "2011.06.01"]
[EventType "swiss"]
[EventRounds "9"]
[EventCountry "DEN"]
[SourceTitle "CBM 142 Extra"]
[Source "ChessBase"]
[SourceDate "2011.06.27"]

1. e4 c5 2. Nf3 Nf6 3. e5 Nd5 4. Nc3 e6 5. Nxd5 exd5 6. d4 Nc6 7. dxc5 Bxc5 8.
Qxd5 Qb6 9. Bc4 Bxf2+ 10. Ke2 O-O 11. Rf1 Bc5 12. Ng5 Nxe5 13. Qxe5 d5 14. Bxd5
Bg4+ 15. Rf3 Qb5+ 16. c4 Rae8 17. Nxf7 Qd7 18. Kd3 Bxf3 19. gxf3 Rxf7 20. Qf4
Ref8 21. Qg4 Kh8 22. Qxd7 Rxd7 23. Kc3 Bd6 24. Be3 b6 25. h3 Re7 26. Bd4 Be5
27. Bxe5 Rxe5 28. a4 Rh5 29. b4 g5 30. Kd4 Rxh3 31. c5 Rh2 32. Bb7 bxc5+ 33.
bxc5 Rc2 34. Rd1 Rd8+ 35. Bd5 a5 0-1

[Event "Fynsmesterskabet"]
[Site "Odense"]
[Date "2011.06.03"]
[Round "5"]
[White "Kjolberg, Lars"]
[Black "Mikkelsen, Nikolaj"]
[Result "0-1"]
[WhiteElo "2145"]
[BlackElo "2401"]
[PlyCount "78"]
[EventDate "2011.06.01"]
[EventType "swiss"]
[EventRounds "9"]
[EventCountry "DEN"]
[SourceTitle "CBM 142 Extra"]
[Source "ChessBase"]
[SourceDate "2011.06.27"]

1. d4 Nf6 2. c4 g6 3. Nc3 d5 4. Nf3 Bg7 5. Bg5 Ne4 6. cxd5 Nxg5 7. Nxg5 e6 8.
Nf3 exd5 9. b4 c6 10. e3 Qd6 11. Qb3 Be6 12. Rc1 Nd7 13. b5 c5 14. a4 cxd4 15.
exd4 O-O 16. Be2 a5 17. O-O Qb4 18. Rb1 Rfc8 19. Nd1 Qxb3 20. Rxb3 Nb6 21. Ra3
Rc1 22. Ne3 Rac8 23. Ra1 Rxa1 24. Rxa1 Kf8 25. Kf1 Ke7 26. Bd3 Kd6 27. Ra3 Rf8
28. Nc2 Bh6 29. h3 Rc8 30. Ne3 Bg7 31. Ke2 h6 32. Kd2 f5 33. Nc2 g5 34. Kd1 f4
35. Nd2 Nd7 36. b6 Nxb6 37. Nb3 Nc4 38. Bxc4 dxc4 39. Nxa5 b6 0-1

[Event "Fynsmesterskabet"]
[Site "Odense"]
[Date "2011.06.03"]
[Round "5"]
[White "Lund, Silas"]
[Black "Frisk, Ellinor"]
[Result "0-1"]
[WhiteElo "2401"]
[BlackElo "2162"]
[PlyCount "119"]
[EventDate "2011.06.01"]
[EventType "swiss"]
[EventRounds "9"]
[EventCountry "DEN"]
[SourceTitle "CBM 142 Extra"]
[Source "ChessBase"]
[SourceDate "2011.06.27"]

1. d4 d5 2. c4 c6 3. Nf3 Nf6 4. Nc3 e6 5. Bg5 Nbd7 6. e3 Qa5 7. cxd5 Nxd5 8.
Qd2 N7b6 9. Bd3 Nxc3 10. bxc3 Na4 11. O-O Qxc3 12. Qxc3 Nxc3 13. a4 f6 14. Bh4
a5 15. Nd2 b5 16. Rfc1 b4 17. Ne4 Ba6 18. Bxa6 Rxa6 19. Nxc3 bxc3 20. Rxc3 Bb4
21. Rc4 Kd7 22. Kf1 Rb8 23. Rb1 Rbb6 24. g4 Be7 25. Rxb6 Rxb6 26. Bg3 Rb1+ 27.
Ke2 Bb4 28. e4 Ra1 29. f4 Rxa4 30. f5 Ra2+ 31. Kd3 exf5 32. gxf5 g6 33. e5 fxe5
34. fxg6 hxg6 35. dxe5 Be7 36. e6+ Kxe6 37. Rxc6+ Kf5 38. Rc7 Bb4 39. Rb7 Rd2+
40. Ke3 Rd5 41. Rf7+ Ke6 42. Rg7 Kf6 43. Rb7 Bc5+ 44. Ke2 a4 45. Rb5 a3 46. Ra5
Ke6 47. Bf4 Rf5 48. Be3 Bxe3 49. Ra6+ Kd5 50. Kxe3 Rh5 51. Rxg6 Kc4 52. Kd2 a2
53. Rc6+ Kb3 54. Ra6 Kb2 55. Rb6+ Ka3 56. Ra6+ Kb3 57. Kd3 Rh3+ 58. Kd4 Kb2 59.
Rb6+ Rb3 60. Kd5 0-1

[Event "Fynsmesterskabet"]
[Site "Odense"]
[Date "2011.06.03"]
[Round "5"]
[White "Meszaros, Michal"]
[Black "Svendsen, Mads Bilde"]
[Result "0-1"]
[WhiteElo "2414"]
[BlackElo "2163"]
[PlyCount "64"]
[EventDate "2011.06.01"]
[EventType "swiss"]
[EventRounds "9"]
[EventCountry "DEN"]
[SourceTitle "CBM 142 Extra"]
[Source "ChessBase"]
[SourceDate "2011.06.27"]

1. g3 g6 2. Bg2 Bg7 3. d3 d6 4. Nd2 e5 5. e3 Nc6 6. a3 h5 7. h4 Bg4 8. Ne2 Nh6
9. c4 a5 10. Ne4 O-O 11. Qc2 Qd7 12. N4c3 Rae8 13. Bd2 Kh8 14. Rb1 f5 15. O-O
f4 16. exf4 Nf5 17. f3 Nfd4 18. Nxd4 Nxd4 19. Qd1 Bf5 20. Ne4 c6 21. fxe5 Bxe5
22. f4 Bg4 23. Qe1 Bg7 24. Qf2 d5 25. Nc5 Qf5 26. Bc3 Ne2+ 27. Kh2 Nxc3 28.
bxc3 Re2 29. Qg1 dxc4 30. d4 Bh3 31. Rf2 Rxf2 32. Qxf2 Bxg2 0-1

[Event "Fynsmesterskabet"]
[Site "Odense"]
[Date "2011.06.03"]
[Round "5"]
[White "Rasmussen, Jens"]
[Black "Skjoldager, Mikael"]
[Result "0-1"]
[WhiteElo "1789"]
[BlackElo "1990"]
[PlyCount "148"]
[EventDate "2011.06.01"]
[EventType "swiss"]
[EventRounds "9"]
[EventCountry "DEN"]
[SourceTitle "CBM 142 Extra"]
[Source "ChessBase"]
[SourceDate "2011.06.27"]

1. d4 Nf6 2. Nf3 g6 3. e3 Bg7 4. Bd3 d5 5. Nbd2 O-O 6. O-O b6 7. Re1 Bb7 8. b3
Nbd7 9. Bb2 c5 10. Qe2 Rc8 11. e4 dxe4 12. Nxe4 e6 13. Nd6 Rb8 14. Nxb7 Rxb7
15. c4 Nb8 16. dxc5 bxc5 17. Rad1 Qa5 18. Ba1 Nc6 19. Kf1 Rd7 20. Bb1 Rfd8 21.
Rxd7 Rxd7 22. Bb2 Qd8 23. Bc3 a5 24. Bc2 Nb4 25. Bb1 Nc6 26. Bc2 Nh5 27. Bxg7
Nxg7 28. Rd1 Nd4 29. Nxd4 Rxd4 30. Rxd4 Qxd4 31. a4 Nh5 32. g3 Kg7 33. f3 Nf6
34. Qe1 Qb2 35. Qd1 Ng8 36. Kg2 Qc3 37. Kf2 Ne7 38. Be4 Qb2+ 39. Qc2 Qd4+ 40.
Kg2 h5 41. Qf2 Qd6 42. Qb2+ e5 43. Bd5 Nf5 44. Kf2 Nd4 45. Qc3 Qb6 46. f4 exf4
47. gxf4 Qc7 48. Qe3 Qd6 49. h3 Qf6 50. Kg2 Qf5 51. Kg3 h4+ 52. Kh2 Qc2+ 53.
Bg2 Qe2 54. Qc3 Qf2 55. Kh1 Qxf4 56. Kg1 Kh7 57. Qe1 Nxb3 58. Qf2 Qxc4 59. Bf1
Qd4 60. Kg2 Qxf2+ 61. Kxf2 Kg7 62. Ke3 f5 63. Kd3 Kf6 64. Kc3 Nd4 65. Kc4 Ne6
66. Kb5 Ke5 67. Kxa5 Kd6 68. Kb6 g5 69. a5 g4 70. a6 g3 71. a7 Nc7 72. Bg2 c4
73. Ka5 c3 74. Bf1 c2 0-1

[Event "Fynsmesterskabet"]
[Site "Odense"]
[Date "2011.06.03"]
[Round "5"]
[White "Teplyi, Igor"]
[Black "Smith, Axel"]
[Result "1/2-1/2"]
[WhiteElo "2387"]
[BlackElo "2450"]
[PlyCount "79"]
[EventDate "2011.06.01"]
[EventType "swiss"]
[EventRounds "9"]
[EventCountry "DEN"]
[SourceTitle "CBM 142 Extra"]
[Source "ChessBase"]
[SourceDate "2011.06.27"]

1. d4 Nf6 2. c4 g6 3. Nc3 d5 4. Bg5 Ne4 5. h4 Nxc3 6. bxc3 Bg7 7. e3 c5 8. Nf3
Nc6 9. cxd5 Qxd5 10. Be2 cxd4 11. cxd4 e5 12. dxe5 Qa5+ 13. Qd2 Qxd2+ 14. Kxd2
Nxe5 15. Nxe5 Bxe5 16. Bb5+ Bd7 17. Rab1 b6 18. h5 f6 19. Bxd7+ Kxd7 20. Bf4
Bxf4 21. exf4 Ke6 22. Rb3 Rhd8+ 23. Ke3 Rac8 24. Ra3 Rc7 25. hxg6 hxg6 26. Rh6
Rg8 27. Kf3 f5 28. g4 Kf6 29. g5+ Kg7 30. Rd3 Rh8 31. Rxh8 Kxh8 32. Rd6 Kg7 33.
Ke3 Kf7 34. Rf6+ Kg7 35. Rd6 Kf7 36. a4 Re7+ 37. Kd3 Re4 38. Rd7+ Re7 39. Rd6
Re4 40. Rd7+ 1/2-1/2

[Event "Fynsmesterskabet"]
[Site "Odense"]
[Date "2011.06.03"]
[Round "5"]
[White "Topholm, Morten"]
[Black "Preuss, Flemming"]
[Result "1-0"]
[WhiteElo "2159"]
[BlackElo "1991"]
[PlyCount "59"]
[EventDate "2011.06.01"]
[EventType "swiss"]
[EventRounds "9"]
[EventCountry "DEN"]
[SourceTitle "CBM 142 Extra"]
[Source "ChessBase"]
[SourceDate "2011.06.27"]

1. e4 d6 2. Nc3 e5 3. Bc4 Nf6 4. d3 Be7 5. h3 c6 6. Bb3 Nbd7 7. a3 Nc5 8. Ba2
Be6 9. b4 Bxa2 10. bxc5 Be6 11. cxd6 Qxd6 12. Rb1 b6 13. Nge2 O-O 14. O-O Rad8
15. Be3 Qd7 16. a4 c5 17. f4 exf4 18. Nxf4 Qc6 19. Qf3 Rfe8 20. a5 Bd6 21. axb6
axb6 22. Ncd5 Bxd5 23. exd5 Qc7 24. c4 Be5 25. Ne2 Ra8 26. Bf4 Ra2 27. Nc3 Rc2
28. Bxe5 Qxe5 29. Ne4 Nxe4 30. Qxf7+ 1-0

[Event "Fynsmesterskabet"]
[Site "Odense"]
[Date "2011.06.03"]
[Round "5"]
[White "Vaarala, Eric"]
[Black "Knudsen, Jesper"]
[Result "1-0"]
[WhiteElo "2189"]
[BlackElo "2050"]
[PlyCount "97"]
[EventDate "2011.06.01"]
[EventType "swiss"]
[EventRounds "9"]
[EventCountry "DEN"]
[SourceTitle "CBM 142 Extra"]
[Source "ChessBase"]
[SourceDate "2011.06.27"]

1. e4 c5 2. Nf3 Nc6 3. c3 g6 4. Bb5 Bg7 5. O-O a6 6. Ba4 b5 7. Bc2 Bb7 8. Re1
e5 9. a4 d6 10. axb5 axb5 11. Rxa8 Bxa8 12. Na3 Qb8 13. Qe2 b4 14. Nb5 Nf6 15.
d4 cxd4 16. cxd4 O-O 17. d5 Na7 18. Nxa7 Qxa7 19. Be3 Qa2 20. Bb1 Qa4 21. Nd2
Bb7 22. b3 Qa3 23. Nc4 Ba6 24. Nxa3 Bxe2 25. Rxe2 bxa3 26. Ra2 Ra8 27. Bc1 Nd7
28. Rxa3 Rxa3 29. Bxa3 Bf8 30. b4 Be7 31. Bd3 Kf8 32. Bb5 Ke8 33. Kf1 Kd8 34.
Ke2 Nb6 35. Bc1 Kc7 36. Kd3 Kd8 37. Be3 Kc7 38. g3 Kb7 39. h4 f6 40. Be8 g5 41.
h5 h6 42. Bc6+ Ka7 43. Ke2 Bd8 44. Kf3 Kb8 45. Kg4 Nc8 46. Kf5 Ne7+ 47. Ke6 Kc7
48. b5 Nc8 49. Kf7 1-0

[Event "Fynsmesterskabet"]
[Site "Odense"]
[Date "2011.06.04"]
[Round "6"]
[White "Bromann, Thorbjorn"]
[Black "Kantans, Toms"]
[Result "0-1"]
[WhiteElo "2405"]
[BlackElo "2306"]
[PlyCount "88"]
[EventDate "2011.06.01"]
[EventType "swiss"]
[EventRounds "9"]
[EventCountry "DEN"]
[SourceTitle "CBM 142 Extra"]
[Source "ChessBase"]
[SourceDate "2011.06.27"]

1. d4 Nf6 2. Nc3 d5 3. Bg5 c6 4. Qd2 Nbd7 5. f3 Qa5 6. a3 e6 7. e3 Bd6 8. Rb1
e5 9. b4 Qc7 10. g3 h6 11. Bxf6 Nxf6 12. f4 exd4 13. Qxd4 O-O 14. Bg2 Re8 15.
Nge2 Qe7 16. Nd1 Bf5 17. Qd2 a5 18. O-O axb4 19. axb4 Be4 20. Bxe4 Nxe4 21. Qe1
Ra4 22. c3 Ra2 23. Rb2 Rxb2 24. Nxb2 Nf6 25. Nd1 Ng4 26. Rf3 Qe4 27. Qf1 Ra8
28. Nd4 Ra1 29. h3 Nf6 30. Nb3 Ra3 31. Na5 Bxb4 32. cxb4 Qxb4 33. Nxb7 Qxb7 34.
Rf2 Ra1 35. Rb2 Qa8 36. Qd3 Ne4 37. Kg2 Qa4 38. Nf2 Ra2 39. Qb1 Ra1 40. Qc2 Qa6
41. Qe2 Qa3 42. Rb8+ Kh7 43. Qg4 Nd6 44. Rd8 Ra2 0-1

[Event "Fynsmesterskabet"]
[Site "Odense"]
[Date "2011.06.04"]
[Round "6"]
[White "Carlstedt, Jonathan"]
[Black "Teplyi, Igor"]
[Result "1-0"]
[WhiteElo "2308"]
[BlackElo "2387"]
[PlyCount "101"]
[EventDate "2011.06.01"]
[EventType "swiss"]
[EventRounds "9"]
[EventCountry "DEN"]
[SourceTitle "CBM 142 Extra"]
[Source "ChessBase"]
[SourceDate "2011.06.27"]

1. c4 Nf6 2. g3 c6 3. Bg2 d5 4. Nf3 e6 5. O-O Nbd7 6. cxd5 cxd5 7. Nc3 a6 8. d3
b5 9. e4 Bb7 10. e5 Ng8 11. d4 Ne7 12. h4 b4 13. Ne2 a5 14. Nf4 Nf5 15. Bh3 g6
16. Bxf5 gxf5 17. Ng5 h5 18. Nxh5 Qb6 19. Be3 Rc8 20. Nf4 Be7 21. Nf3 Nb8 22.
Rc1 Rxc1 23. Qxc1 Ba6 24. Rd1 Kd7 25. h5 Nc6 26. Kg2 a4 27. h6 Na5 28. Nd3 Bc4
29. Qb1 Qa6 30. Nc1 b3 31. axb3 axb3 32. Rh1 Nc6 33. h7 Bf8 34. Nd2 Qb7 35. Nd3
Ke8 36. Nf3 Qa7 37. Nf4 Nb8 38. Qa1 Qa2 39. Nd2 Nc6 40. Qxa2 bxa2 41. Nxc4 dxc4
42. Ra1 Nb4 43. Bd2 Rxh7 44. Bxb4 Bxb4 45. Rxa2 c3 46. bxc3 Bxc3 47. Ra8+ Kd7
48. Ra7+ Kc6 49. Nxe6 Kd5 50. Nf4+ Kxd4 51. e6 1-0

[Event "Fynsmesterskabet"]
[Site "Odense"]
[Date "2011.06.04"]
[Round "6"]
[White "Christensen, Bo Garner"]
[Black "Skjoldager, Per"]
[Result "1-0"]
[WhiteElo "2287"]
[BlackElo "2107"]
[PlyCount "91"]
[EventDate "2011.06.01"]
[EventType "swiss"]
[EventRounds "9"]
[EventCountry "DEN"]
[SourceTitle "CBM 142 Extra"]
[Source "ChessBase"]
[SourceDate "2011.06.27"]

1. e4 c6 2. c4 d5 3. cxd5 cxd5 4. exd5 Nf6 5. Qa4+ Nbd7 6. Nc3 g6 7. Bc4 Bg7 8.
Qb3 O-O 9. Nf3 a6 10. a4 b6 11. O-O Bb7 12. d4 Qc7 13. Bg5 Rac8 14. Nd2 Ng4 15.
g3 Bxd4 16. Bxe7 Nc5 17. Bxc5 Qxc5 18. Nce4 Qc7 19. Rac1 Qe5 20. h3 Rxc4 21.
Qxc4 Bxd5 22. Qc7 f5 23. Ng5 Qxc7 24. Rxc7 Ne5 25. Rd1 Bxb2 26. f4 Nf7 27. Ndf3
Nxg5 28. Nxg5 Bb3 29. Rd6 Bxa4 30. Rxh7 Be8 31. Rb7 Ba3 32. Rd8 Bc6 33. Rxf8+
Kxf8 34. Ne6+ Kg8 35. Rxb6 Bb5 36. Kh2 Bc4 37. Ng5 Kg7 38. Nf3 a5 39. Ne5 Bg8
40. Rxg6+ Kh7 41. Ra6 Bb4 42. h4 Bd2 43. h5 Bb3 44. Nf3 Bc3 45. Ng5+ Kh8 46. h6
1-0

[Event "Fynsmesterskabet"]
[Site "Odense"]
[Date "2011.06.04"]
[Round "6"]
[White "Epishin, Vladimir"]
[Black "Antonsen, Mikkel"]
[Result "1/2-1/2"]
[WhiteElo "2562"]
[BlackElo "2472"]
[PlyCount "85"]
[EventDate "2011.06.01"]
[EventType "swiss"]
[EventRounds "9"]
[EventCountry "DEN"]
[SourceTitle "CBM 142 Extra"]
[Source "ChessBase"]
[SourceDate "2011.06.27"]

1. d4 d5 2. c4 e6 3. Nc3 Be7 4. cxd5 exd5 5. Bf4 c6 6. e3 Bf5 7. g4 Be6 8. Be2
Nd7 9. Bf3 Nb6 10. Nge2 Nc4 11. b3 Nd6 12. Ng3 Nf6 13. O-O h6 14. Kh1 Qd7 15.
Nh5 Nxh5 16. gxh5 Bg5 17. Ne2 Ne4 18. Bg3 Bg4 19. Ng1 Bxf3+ 20. Nxf3 Qh3 21.
Ne5 O-O 22. Qe2 Nf6 23. f4 Ne4 24. Rg1 Bf6 25. Rg2 c5 26. dxc5 Rac8 27. b4 b6
28. cxb6 axb6 29. Rag1 Rc3 30. Ng4 Kh8 31. Be1 Rc1 32. Nxf6 gxf6 33. a4 Ra1 34.
a5 Ra3 35. axb6 Rxe3 36. Qd1 Rd3 37. Qc2 Qf3 38. b7 Rd2 39. Qc8 Rxg2 40. Rxg2
Qf1+ 41. Rg1 Qf3+ 42. Rg2 Qf1+ 43. Rg1 1/2-1/2

[Event "Fynsmesterskabet"]
[Site "Odense"]
[Date "2011.06.04"]
[Round "6"]
[White "Johansen, Johnny Holler"]
[Black "Rhee, Alexander H"]
[Result "0-1"]
[WhiteElo "1986"]
[BlackElo "2097"]
[PlyCount "70"]
[EventDate "2011.06.01"]
[EventType "swiss"]
[EventRounds "9"]
[EventCountry "DEN"]
[SourceTitle "CBM 142 Extra"]
[Source "ChessBase"]
[SourceDate "2011.06.27"]

1. e4 d6 2. d4 g6 3. Nc3 Bg7 4. Nf3 a6 5. a4 b6 6. Bc4 e6 7. O-O h6 8. Qe2 Ne7
9. Be3 Nd7 10. Rfd1 Bb7 11. h3 Kf8 12. Bf4 g5 13. Bh2 Ng6 14. Qe3 g4 15. hxg4
Nf6 16. Qe2 Nxg4 17. Bg3 h5 18. Nh2 Nxh2 19. Bxh2 Bh6 20. Rd3 Bf4 21. Rf3 Qg5
22. Bxf4 Nxf4 23. Qf1 h4 24. Ne2 Nxe2+ 25. Qxe2 Ke7 26. Qe3 Qg6 27. Qf4 Rag8
28. Bf1 Bxe4 29. Raa3 Rh7 30. Rac3 Kd7 31. g3 hxg3 32. fxg3 Qh5 33. Bg2 Rg4 34.
Qf6 c6 35. Rf2 Qh1+ 0-1

[Event "Fynsmesterskabet"]
[Site "Odense"]
[Date "2011.06.04"]
[Round "6"]
[White "Knudsen, Jesper"]
[Black "Lund, Silas"]
[Result "0-1"]
[WhiteElo "2050"]
[BlackElo "2401"]
[PlyCount "74"]
[EventDate "2011.06.01"]
[EventType "swiss"]
[EventRounds "9"]
[EventCountry "DEN"]
[SourceTitle "CBM 142 Extra"]
[Source "ChessBase"]
[SourceDate "2011.06.27"]

1. e4 e6 2. d4 d5 3. Nc3 Nf6 4. Bg5 Bb4 5. e5 h6 6. Bd2 Bxc3 7. bxc3 Ne4 8. Bd3
Nxd2 9. Qxd2 c5 10. Nf3 Nc6 11. h4 Qa5 12. a3 Bd7 13. h5 O-O 14. Rh4 cxd4 15.
cxd4 Qxd2+ 16. Kxd2 f6 17. exf6 Rxf6 18. Re1 Raf8 19. Re2 a6 20. Ke1 Be8 21. c3
Na7 22. Ne5 Nb5 23. Bxb5 Bxb5 24. Rb2 Rc8 25. Rh3 Rf4 26. Re3 Rh4 27. g4 Rh1+
28. Kd2 Ra1 29. Ng6 Re8 30. Rf3 Rxa3 31. Kc1 Ra1+ 32. Rb1 Rxb1+ 33. Kxb1 Be2
34. Rf4 Bd3+ 35. Kb2 Bxg6 36. hxg6 Rf8 37. Rxf8+ Kxf8 0-1

[Event "Fynsmesterskabet"]
[Site "Odense"]
[Date "2011.06.04"]
[Round "6"]
[White "Lafuente, Pablo"]
[Black "Tikkanen, Hans"]
[Result "1/2-1/2"]
[WhiteElo "2555"]
[BlackElo "2560"]
[PlyCount "123"]
[EventDate "2011.06.01"]
[EventType "swiss"]
[EventRounds "9"]
[EventCountry "DEN"]
[SourceTitle "CBM 142 Extra"]
[Source "ChessBase"]
[SourceDate "2011.06.27"]

1. d4 d5 2. Nf3 Nf6 3. c4 c6 4. Nc3 dxc4 5. a4 Bf5 6. Ne5 Nbd7 7. Nxc4 Nb6 8.
e3 e6 9. a5 Nxc4 10. Bxc4 Bb4 11. Qb3 Bxa5 12. Qxb7 O-O 13. O-O Qb6 14. Qa6 Bb4
15. f3 Bg6 16. Kh1 c5 17. Qxb6 axb6 18. Rxa8 Rxa8 19. Na2 Ba5 20. dxc5 bxc5 21.
e4 Nd7 22. Bf4 Bd8 23. Nc3 Bf6 24. Rd1 Bd4 25. Ne2 Nb6 26. Bb5 Ra5 27. Bc6 Nc4
28. b4 Ra2 29. bxc5 Rxe2 30. Bb5 Ne3 31. Ra1 Bxa1 32. Bxe2 Nf5 33. exf5 Bxf5
34. Bd6 e5 35. Ba6 Bd7 36. Bb7 Be6 37. c6 Bd5 38. Ba8 Be6 39. g4 h6 40. Kg2 g6
41. Bb7 Bd5 42. Ba8 Be6 43. h4 Kg7 44. c7 Bc8 45. Be7 f6 46. Bd5 Bc3 47. Kf2
Bd2 48. h5 gxh5 49. gxh5 f5 50. Ke2 Ba5 51. Bd8 Kf8 52. Kd3 Ke8 53. Bc6+ Kf7
54. Kc4 Ke6 55. Kc5 Bd2 56. Ba8 Be3+ 57. Kc6 Bf2 58. Kb5 Kd6 59. Bc6 Bg3 60.
Ba8 Bf2 61. Bc6 Bg3 62. Ba8 1/2-1/2

[Event "Fynsmesterskabet"]
[Site "Odense"]
[Date "2011.06.04"]
[Round "6"]
[White "Macak, Stefan"]
[Black "Eriksson, Christian Altenburg"]
[Result "1-0"]
[WhiteElo "2400"]
[BlackElo "2139"]
[PlyCount "118"]
[EventDate "2011.06.01"]
[EventType "swiss"]
[EventRounds "9"]
[EventCountry "DEN"]
[SourceTitle "CBM 142 Extra"]
[Source "ChessBase"]
[SourceDate "2011.06.27"]

1. g3 d5 2. Bg2 Nf6 3. Nf3 c6 4. O-O Bg4 5. h3 Bh5 6. d3 Nbd7 7. Nbd2 e5 8. e4
dxe4 9. dxe4 Bc5 10. c3 O-O 11. Qc2 Qc7 12. b4 Be7 13. Nc4 b5 14. Ne3 Bg6 15.
Nh4 a5 16. Nhf5 Nb6 17. Nxe7+ Qxe7 18. Bd2 axb4 19. cxb4 Rfc8 20. Rfc1 Nfd5 21.
Qb3 Nxe3 22. Bxe3 Nc4 23. Bc5 Qg5 24. Rd1 Ra3 25. Qc2 h5 26. h4 Qg4 27. Rd3
Rca8 28. Rxa3 Rxa3 29. Rd1 Qc8 30. Be7 Kh7 31. Rd3 Rxd3 32. Qxd3 Qa6 33. Qe2 f6
34. Kh2 Qa3 35. Bc5 Qb2 36. Qxb2 Nxb2 37. f3 Bf7 38. Bh3 Bxa2 39. Bd7 Bc4 40.
Bxc6 Nd3 41. Bd6 Ne1 42. f4 exf4 43. gxf4 g6 44. Kg3 Kg7 45. Be8 Nc2 46. Kf2
Bd3 47. Kf3 Bc4 48. Be7 Ne1+ 49. Kg3 Nd3 50. f5 Ne5 51. Kf4 Nd3+ 52. Ke3 Ne5
53. Bd6 gxf5 54. exf5 Nf7 55. Bc5 Bf1 56. Ke4 Be2 57. Kd5 Nh6 58. Ke4 Nf7 59.
Bd7 Ne5 1-0

[Event "Fynsmesterskabet"]
[Site "Odense"]
[Date "2011.06.04"]
[Round "6"]
[White "Mikkelsen, Nikolaj"]
[Black "Hansen, Mads"]
[Result "1-0"]
[WhiteElo "2401"]
[BlackElo "2225"]
[PlyCount "59"]
[EventDate "2011.06.01"]
[EventType "swiss"]
[EventRounds "9"]
[EventCountry "DEN"]
[SourceTitle "CBM 142 Extra"]
[Source "ChessBase"]
[SourceDate "2011.06.27"]

1. e4 e5 2. Nf3 Nc6 3. Bc4 Bc5 4. c3 Nf6 5. d3 a6 6. Bb3 d6 7. Nbd2 Ba7 8. Nf1
O-O 9. Ng3 Re8 10. O-O h6 11. h3 Be6 12. Nh2 Bxb3 13. axb3 Qd7 14. Nf5 Ne7 15.
Ng4 Qe6 16. Nge3 Ng6 17. b4 d5 18. Qf3 c6 19. Ng4 Nxg4 20. Qxg4 Kh7 21. Be3 Qf6
22. Rae1 Re6 23. h4 Bb8 24. g3 Bc7 25. Kg2 dxe4 26. Bg5 hxg5 27. hxg5 Nf4+ 28.
gxf4 Qg6 29. Ne7 Rxe7 30. f5 1-0

[Event "Fynsmesterskabet"]
[Site "Odense"]
[Date "2011.06.04"]
[Round "6"]
[White "Nord, Michael"]
[Black "Rasmussen, Jens"]
[Result "1-0"]
[WhiteElo "1974"]
[BlackElo "1789"]
[PlyCount "39"]
[EventDate "2011.06.01"]
[EventType "swiss"]
[EventRounds "9"]
[EventCountry "DEN"]
[SourceTitle "CBM 142 Extra"]
[Source "ChessBase"]
[SourceDate "2011.06.27"]

1. e4 c5 2. c3 d6 3. d4 cxd4 4. cxd4 Nf6 5. Nc3 a6 6. Nf3 e6 7. Bd3 Be7 8. O-O
O-O 9. Qe2 b5 10. e5 Nd5 11. Qe4 g6 12. Bh6 Re8 13. h4 Ra7 14. h5 Nxc3 15. bxc3
f5 16. exf6 Bxf6 17. hxg6 Qe7 18. g7 Bxg7 19. Qxh7+ Kf8 20. Qh8+ 1-0